[Event "LV C.to Torinese Assoluto"]
[Site "Torino ITA"]
[Date "2010.11.08"]
[Round "1"]
[White "Gambarino, Federico"]
[Black "Fassio, Luca"]
[Result "0-1"]
[WhiteElo "1853"]
[BlackElo "2071"]
[PlyCount "114"]
[EventDate "2010.11.08"]

1. e4 g6 2. d4 Bg7 3. Nc3 d6 4. Be3 c6 5. Qd2 b5 6. f3 Nd7 7. h4 h5 8. Bd3 Nb6
9. Nge2 Nf6 10. Bf4 O-O 11. e5 Ne8 12. Bh6 Nc4 13. Bxc4 bxc4 14. O-O-O Rb8 15.
Bxg7 Nxg7 16. g4 hxg4 17. h5 gxf3 18. hxg6 fxg6 19. Nf4 Bf5 20. Qh2 Kf7 21. Qg3
Rh8 22. Rhe1 Nh5 23. e6+ Kg7 24. Nxh5+ Rxh5 25. Qxf3 Qb6 26. Na4 Qb5 27. b3 Qb4
28. Rh1 Rxh1 29. Rxh1 Qa3+ 30. Kd2 Qxa2 31. Rc1 cxb3 32. Qc3 d5 33. Qg3 Rf8 34.
Nc3 Qa5 35. Qg5 Qc7 36. Rh1 Rh8 37. Rxh8 Kxh8 38. cxb3 Kg7 39. b4 Bxe6 40. Ne2
Qd6 41. Kc3 Bf5 42. Ng3 Be4 43. Nh5+ Kf8 44. Qh6+ Ke8 45. Nf4 Kd7 46. Qh4 a5
47. bxa5 Qa3+ 48. Kd2 Qxa5+ 49. Ke2 Qb5+ 50. Kf2 Qb2+ 51. Ne2 c5 52. Qh8 cxd4
53. Qa8 Qb6 54. Qa4+ Kd6 55. Nxd4 e5 56. Qa3+ Kd7 57. Qa4+ Kc7 0-1

[Event "LV C.to Torinese Assoluto"]
[Site "Torino ITA"]
[Date "2010.11.08"]
[Round "1"]
[White "Grinza, Andrea"]
[Black "Giacometto, Mario"]
[Result "1-0"]
[WhiteElo "2207"]
[BlackElo "1995"]
[PlyCount "55"]
[EventDate "2010.11.08"]

1. d4 Nf6 2. c4 g6 3. Nc3 Bg7 4. e4 d6 5. f3 O-O 6. Bg5 h6 7. Be3 e5 8. Nge2
Nc6 9. d5 Ne7 10. Qd2 Kh7 11. g4 Ne8 12. Ng3 c5 13. Bd3 a6 14. h4 Bd7 15. Qh2
Ng8 16. Bg5 f6 17. Bd2 g5 18. Nf5 Rf7 19. hxg5 fxg5 20. Qh5 Rxf5 21. gxf5 Nef6
22. Qxg5 Be8 23. O-O-O Nh5 24. Qg2 Nf4 25. Bxf4 exf4 26. f6 Bf8 27. e5+ Kh8 28.
Rdg1 1-0

[Event "LV C.to Torinese Assoluto"]
[Site "Torino ITA"]
[Date "2010.11.08"]
[Round "1"]
[White "Mazzetta, Renato"]
[Black "Fabbri, Mario"]
[Result "1/2-1/2"]
[WhiteElo "1930"]
[BlackElo "2183"]
[PlyCount "86"]
[EventDate "2010.11.08"]

1. e4 e5 2. Nc3 Nf6 3. g3 Bc5 4. Bg2 d6 5. h3 O-O 6. Nge2 Nc6 7. O-O a6 8. d3
Be6 9. Kh2 d5 10. exd5 Nxd5 11. Nxd5 Bxd5 12. Bxd5 Qxd5 13. Nc3 Qd7 14. Be3
Bxe3 15. fxe3 Rad8 16. Qf3 Nb4 17. Qg2 c6 18. e4 a5 19. Rf5 f6 20. g4 h6 21.
Nd1 Na6 22. Qf2 Nc7 23. Nc3 Ne6 24. Ne2 Qe7 25. Rf1 Qb4 26. b3 Qd2 27. Ng3
Qxf2+ 28. R5xf2 Nf4 29. Ne2 Ne6 30. Ng3 Kf7 31. h4 Ke8 32. Nh5 Ke7 33. Ng3 Rd7
34. Nf5+ Kd8 35. h5 Rh8 36. Kg3 Kc7 37. Rd2 Nd4 38. Nxd4 Rxd4 39. Kf3 b5 40. c3
Rd6 41. Ke3 Rhd8 42. Rfd1 c5 43. d4 Kc6 1/2-1/2

[Event "LV C.to Torinese Assoluto"]
[Site "Torino ITA"]
[Date "2010.11.08"]
[Round "1"]
[White "Pozzi, Massimo"]
[Black "Sarno, Spartaco"]
[Result "0-1"]
[WhiteElo "2040"]
[BlackElo "2325"]
[PlyCount "74"]
[EventDate "2010.11.08"]

1. d4 Nf6 2. Bf4 g6 3. e3 Bg7 4. Be2 d6 5. c4 O-O 6. Nc3 Nfd7 7. Nf3 e5 8. Bg3
Nc6 9. O-O h6 10. dxe5 Ndxe5 11. Qd2 Be6 12. Nd5 Nxf3+ 13. Bxf3 Ne5 14. Bxe5
dxe5 15. Qe2 c6 16. Nc3 f5 17. Rfd1 Qa5 18. Rd6 Rfe8 19. e4 Qb4 20. Rad1 Bf8
21. a3 Qxd6 22. Rxd6 Bxd6 23. b4 f4 24. c5 Bf8 25. Nd5 cxd5 26. exd5 Bf7 27.
Be4 a5 28. h4 axb4 29. axb4 Ra4 30. Qb5 Ra1+ 31. Kh2 Re1 32. f3 Ra8 33. Qc4
Raa1 34. g4 Rad1 35. Qc2 Rh1+ 36. Kg2 Rdg1+ 37. Kf2 Rc1 0-1

[Event "LV C.to Torinese Assoluto"]
[Site "Torino ITA"]
[Date "2010.11.08"]
[Round "1"]
[White "Pulito, Alberto"]
[Black "Melone, Antonio"]
[Result "1/2-1/2"]
[WhiteElo "2271"]
[BlackElo "2027"]
[PlyCount "33"]
[EventDate "2010.11.08"]

1. e4 c6 2. d4 d5 3. e5 c5 4. dxc5 e6 5. Be3 Nh6 6. Bd3 Nc6 7. Bxh6 gxh6 8. Nf3
Bxc5 9. c3 Bd7 10. Nbd2 Qe7 11. Nb3 Bb6 12. Qe2 O-O-O 13. O-O-O f6 14. Nbd4
Nxe5 15. Nxe5 fxe5 16. Qxe5 Bc7 17. Qe3 1/2-1/2

[Event "LV C.to Torinese Assoluto"]
[Site "Torino ITA"]
[Date "2010.11.08"]
[Round "1"]
[White "Settis, Massimo"]
[Black "Pepino, Enrico"]
[Result "0-1"]
[WhiteElo "1970"]
[BlackElo "2206"]
[PlyCount "80"]
[EventDate "2010.11.08"]

1. c4 c5 2. g3 g6 3. Bg2 Bg7 4. Nc3 Nc6 5. e4 e6 6. Nge2 Nge7 7. O-O O-O 8. d3
b6 9. Bg5 Bb7 10. Rb1 Nd4 11. b4 d6 12. Qd2 Qd7 13. Rfe1 Nxe2+ 14. Rxe2 Nc6 15.
b5 Nd4 16. Ree1 Rae8 17. Bh6 f5 18. Ne2 fxe4 19. Nxd4 cxd4 20. Bxe4 Bxe4 21.
Rxe4 e5 22. Bxg7 Kxg7 23. a4 Rf5 24. Rh4 Ref8 25. Rf1 Qf7 26. Re4 Rf3 27. a5
Qf5 28. axb6 axb6 29. Kg2 Rf7 30. Qe2 h5 31. h4 Kh7 32. Qd2 Qf6 33. Re2 Ra7 34.
Qc2 Ra3 35. Rd1 Qf5 36. Re4 Rfxd3 37. Re2 e4 38. Rxd3 Rxd3 39. Qa2 Qf3+ 40. Kh2
Rd1 0-1

[Event "LV C.to Torinese Assoluto"]
[Site "Torino ITA"]
[Date "2010.11.15"]
[Round "2"]
[White "Banchio, Davide"]
[Black "Pozzi, Massimo"]
[Result "0-1"]
[WhiteElo "1945"]
[BlackElo "2040"]
[PlyCount "52"]
[EventDate "2010.11.08"]

1. e4 e6 2. d3 d5 3. Nd2 Nf6 4. Qe2 b6 5. e5 Nfd7 6. Ngf3 c5 7. g3 Nc6 8. Bg2
Qc7 9. O-O Bb7 10. Re1 g6 11. Nf1 Bg7 12. Bf4 Ne7 13. Ne3 h6 14. h4 Nf5 15. Ng4
Qd8 16. Bh3 Qe7 17. Qd2 Rc8 18. Nf6+ Nxf6 19. exf6 Bxf6 20. Bxf5 gxf5 21. Bxh6
d4 22. Ne5 Bxh4 23. Qf4 Bg5 24. Nxf7 Bxf4 25. Nxh8 Bxh6 26. Ng6 Qf6 0-1

[Event "LV C.to Torinese Assoluto"]
[Site "Torino ITA"]
[Date "2010.11.15"]
[Round "2"]
[White "Barletta, Mauro"]
[Black "De Barberis, Massimo"]
[Result "1-0"]
[WhiteElo "2229"]
[BlackElo "2076"]
[PlyCount "61"]
[EventDate "2010.11.08"]

1. d4 Nf6 2. Bg5 d5 3. Nc3 e6 4. Nf3 Be7 5. Bxf6 Bxf6 6. e4 dxe4 7. Nxe4 Nd7 8.
Qd2 Qe7 9. O-O-O O-O 10. h4 c5 11. g4 b6 12. g5 Bxd4 13. Nxd4 cxd4 14. Bg2 Bb7
15. Nf6+ gxf6 16. Bxb7 Rad8 17. gxf6 Qxf6 18. Qxd4 Ne5 19. Qc3 Kh8 20. a3 Ng4
21. Qxf6+ Nxf6 22. Rxd8 Rxd8 23. Rd1 Rb8 24. Bf3 Kg7 25. Rd4 Rc8 26. Kd2 Kg6
27. c3 Kf5 28. Ke3 Rc7 29. Be2 h6 30. Bd3+ Ke5 31. f4# 1-0

[Event "LV C.to Torinese Assoluto"]
[Site "Torino ITA"]
[Date "2010.11.15"]
[Round "2"]
[White "Bussa, Paolo"]
[Black "Pulito, Alberto"]
[Result "0-1"]
[WhiteElo "1909"]
[BlackElo "2271"]
[PlyCount "124"]
[EventDate "2010.11.08"]

1. Nf3 d5 2. g3 Nf6 3. Bg2 Bf5 4. d3 e6 5. Nbd2 Be7 6. O-O c5 7. Qe1 Nc6 8. e4
Bg6 9. Nh4 Nd4 10. Nxg6 hxg6 11. Qd1 g5 12. c3 Nc6 13. exd5 Nxd5 14. Nb3 Qd7
15. d4 cxd4 16. Nxd4 Rd8 17. Nxc6 bxc6 18. c4 Nb4 19. Qxd7+ Kxd7 20. Be3 c5 21.
Rad1+ Kc7 22. Rxd8 Rxd8 23. Rc1 f5 24. a3 Nd3 25. Rc3 Nxb2 26. h3 Na4 27. Rb3
Nb6 28. h4 Rd1+ 29. Kh2 gxh4 30. gxh4 Bd6+ 31. Kh3 f4 32. Bf3 Ra1 33. Bd2 Ra2
34. Bc3 e5 35. Kg2 Kd7 36. Ba5 Nxc4 37. Rb7+ Ke6 38. Rxa7 Rxa3 39. Bb6 Rxa7 40.
Bxa7 Nd2 41. Bb7 e4 42. Bb6 f3+ 43. Kg1 Kf5 44. Bc8+ Ke5 45. Ba5 Nb1 46. Kf1
Kd4 47. Ke1 Be7 48. h5 Bh4 49. Bb7 Na3 50. Bc7 Nc2+ 51. Kf1 Bg5 52. Bb8 Nb4 53.
Bc7 Nd3 54. Bg3 c4 55. Bc6 c3 56. Ba4 Nb4 57. Bc7 c2 58. Bb6+ Kc4 59. Bxc2 Nxc2
60. Bc7 Kd3 61. Be5 Bh4 62. Bxg7 e3 0-1

[Event "LV C.to Torinese Assoluto"]
[Site "Torino ITA"]
[Date "2010.11.15"]
[Round "2"]
[White "Davi, Alessandro"]
[Black "Mazzetta, Renato"]
[Result "1-0"]
[WhiteElo "2055"]
[BlackElo "1930"]
[PlyCount "77"]
[EventDate "2010.11.08"]

1. d4 d5 2. c4 c6 3. Nc3 Nf6 4. Nf3 e6 5. cxd5 exd5 6. Bg5 Nbd7 7. e3 Bd6 8.
Bd3 O-O 9. Qc2 h6 10. Bh4 Re8 11. O-O Qc7 12. Rfc1 g5 13. Bg3 Bxg3 14. hxg3 Qd6
15. Rab1 Nf8 16. b4 Bd7 17. Na4 Rac8 18. Rb2 Ng4 19. Nc5 Rc7 20. Bf5 Bxf5 21.
Qxf5 Nf6 22. Ne5 Kg7 23. Rbc2 Ng6 24. Ncd3 Rce7 25. a4 Qe6 26. Qxe6 Rxe6 27. f4
Nxe5 28. dxe5 Ng4 29. e4 dxe4 30. Nc5 R6e7 31. Nxe4 f6 32. Nd6 fxe5 33. Nxe8+
Rxe8 34. fxg5 hxg5 35. b5 cxb5 36. axb5 a6 37. b6 Kf6 38. Rc7 Rb8 39. Rc8 1-0

[Event "LV C.to Torinese Assoluto"]
[Site "Torino ITA"]
[Date "2010.11.15"]
[Round "2"]
[White "Fabbri, Mario"]
[Black "Barbiso, Tiziana"]
[Result "1-0"]
[WhiteElo "2183"]
[BlackElo "2057"]
[PlyCount "53"]
[EventDate "2010.11.08"]

1. d4 d5 2. c4 e6 3. Nc3 c6 4. Nf3 Nf6 5. Bg5 dxc4 6. e4 b5 7. e5 h6 8. Bh4 g5
9. exf6 gxh4 10. g3 Bb7 11. Bg2 h3 12. Bxh3 c5 13. O-O b4 14. Ne5 bxc3 15. Bxe6
Qc7 16. Bxf7+ Kd8 17. dxc5+ Nd7 18. c6 Bxc6 19. Nxc6+ Qxc6 20. Bd5 Qc8 21. Bxa8
cxb2 22. Rb1 Qxa8 23. Rxb2 Kc7 24. Qd4 Nb6 25. Rd1 Ba3 26. Qf4+ Kb7 27. Qf3+
1-0

[Event "LV C.to Torinese Assoluto"]
[Site "Torino ITA"]
[Date "2010.11.15"]
[Round "2"]
[White "Fassio, Luca"]
[Black "Grinza, Andrea"]
[Result "1-0"]
[WhiteElo "2071"]
[BlackElo "2207"]
[PlyCount "91"]
[EventDate "2010.11.08"]

1. e4 c6 2. d4 d5 3. exd5 cxd5 4. c4 Nf6 5. Nc3 e6 6. Nf3 Bb4 7. cxd5 Nxd5 8.
Bd2 O-O 9. Bd3 Be7 10. O-O Nc6 11. Qe2 Nf6 12. Ne4 Qb6 13. Bc3 Nb4 14. Bc4 Nbd5
15. Ne5 Nxe4 16. Qxe4 Rd8 17. Rfe1 Bf6 18. Ng4 h5 19. Nxf6+ Nxf6 20. Qe5 Qc6
21. Bd3 Rd5 22. Qf4 b5 23. f3 Qb6 24. b4 Bb7 25. Kh1 Rc8 26. Bb2 Qd6 27. Qxd6
Rxd6 28. Bxb5 Rc2 29. Re2 Rxe2 30. Bxe2 Nd5 31. a3 Nf4 32. Bc4 h4 33. Kg1 h3
34. g3 Ng2 35. Kf2 e5 36. Rd1 e4 37. d5 exf3 38. Kxf3 Re6 39. Bd4 Rg6 40. Bxa7
Bc8 41. Ke4 Rg4+ 42. Kd3 Bf5+ 43. Kc3 Re4 44. Bd3 Re8 45. Bxf5 Ra8 46. Bxh3 1-0

[Event "LV C.to Torinese Assoluto"]
[Site "Torino ITA"]
[Date "2010.11.15"]
[Round "2"]
[White "Giacometto, Mario"]
[Black "Gambarino, Federico"]
[Result "1-0"]
[WhiteElo "1995"]
[BlackElo "1853"]
[PlyCount "119"]
[EventDate "2010.11.08"]

1. e4 c5 2. Nf3 d6 3. d4 cxd4 4. Nxd4 Nf6 5. Nc3 a6 6. Be3 e5 7. Nb3 Be6 8. f3
Nbd7 9. Qd2 b5 10. O-O-O Rc8 11. Kb1 Be7 12. g4 Nb6 13. g5 Nh5 14. Qf2 Nc4 15.
Bxc4 bxc4 16. Bb6 Qd7 17. Nc5 Qc6 18. Nxa6 Qb7 19. Nb4 Rb8 20. Ncd5 Bxd5 21.
Nxd5 Bd8 22. Bd4 exd4 23. Qxd4 O-O 24. f4 Qb5 25. f5 Bb6 26. Qc3 Ba5 27. Qd4
Rb7 28. b3 Rc8 29. f6 Bb6 30. Qd2 cxb3 31. cxb3 Rd8 32. Rc1 Bc5 33. Rc2 Qe8 34.
Ne7+ Rxe7 35. fxe7 Qxe7 36. h4 Qe5 37. Rhc1 Re8 38. Rc4 Ba3 39. Rd1 Ng3 40. Qd4
Qf4 41. b4 Nxe4 42. Re1 d5 43. Rc2 Qxh4 44. Rd1 Qg3 45. Qd3 Qxg5 46. Qxa3 Nd6
47. Qd3 Nc4 48. Qxd5 Qxd5 49. Rxd5 Na3+ 50. Kb2 Nxc2 51. Kxc2 g6 52. b5 Re2+
53. Kb3 h5 54. b6 Re7 55. a4 h4 56. a5 Re3+ 57. Kc4 Re7 58. a6 h3 59. b7 Rc7+
60. Kb5 1-0

[Event "LV C.to Torinese Assoluto"]
[Site "Torino ITA"]
[Date "2010.11.15"]
[Round "2"]
[White "Pepino, Enrico"]
[Black "Castaldo, Folco"]
[Result "0-1"]
[WhiteElo "2206"]
[BlackElo "2419"]
[PlyCount "116"]
[EventDate "2010.11.08"]

1. e4 c5 2. Nf3 g6 3. d4 cxd4 4. Nxd4 Nc6 5. c4 Bg7 6. Be3 Nf6 7. Nc3 Ng4 8.
Qxg4 Nxd4 9. Qd1 Ne6 10. Qd2 Qa5 11. Rc1 b6 12. Be2 Bb7 13. f3 h5 14. O-O g5
15. Rfd1 d6 16. Nd5 Qxd2 17. Rxd2 Rc8 18. Rcc2 h4 19. a4 Be5 20. b4 Nf4 21.
Nxf4 gxf4 22. Bd4 Rh5 23. Kf2 Bxd4+ 24. Rxd4 a5 25. b5 h3 26. Rc1 hxg2 27. Kxg2
Kd7 28. Rh1 Rg8+ 29. Kf2 Kc7 30. Rdd1 Rgh8 31. Kg2 f5 32. Bd3 Rg5+ 33. Kf2 fxe4
34. Bxe4 Bxe4 35. fxe4 Rh3 36. Rd5 e5 37. Rdd1 Kd7 38. Rdg1 Rxg1 39. Rxg1 Rxh2+
40. Kf3 Rc2 41. Rg7+ Ke6 42. Rg6+ Ke7 43. Rh6 Rxc4 44. Kg4 f3 45. Kxf3 Rxa4 46.
Rh7+ Kf6 47. Rh6+ Kg5 48. Rxd6 Ra3+ 49. Kf2 Kf4 50. Rxb6 Rb3 51. Rb8 Kxe4 52.
b6 Rb2+ 53. Ke1 Ke3 54. Kf1 e4 55. b7 a4 56. Ra8 Rxb7 57. Rxa4 Kf3 58. Ke1 e3
0-1

[Event "LV C.to Torinese Assoluto"]
[Site "Torino ITA"]
[Date "2010.11.15"]
[Round "2"]
[White "Sarno, Spartaco"]
[Black "Gallucci, Alessio"]
[Result "1/2-1/2"]
[WhiteElo "2325"]
[BlackElo "2185"]
[PlyCount "49"]
[EventDate "2010.11.08"]

1. d4 Nf6 2. c4 g6 3. Nc3 d5 4. cxd5 Nxd5 5. e4 Nxc3 6. bxc3 Bg7 7. Bc4 c5 8.
Ne2 Nc6 9. Be3 cxd4 10. cxd4 Qa5+ 11. Bd2 Qh5 12. Bc3 O-O 13. O-O e6 14. Qd2
Rd8 15. Qb2 b5 16. Qxb5 Qxb5 17. Bxb5 Nxd4 18. Nxd4 Bxd4 19. Rad1 e5 20. Ba5
Rd6 21. Bc7 Rf6 22. Bd8 Rd6 23. Bc7 Rf6 24. Bd8 Rd6 25. Bc7 1/2-1/2

[Event "LV C.to Torinese Assoluto"]
[Site "Torino ITA"]
[Date "2010.11.15"]
[Round "2"]
[White "Vozza, Nicola"]
[Black "Spatola, Davide"]
[Result "0-1"]
[WhiteElo "1902"]
[BlackElo "2022"]
[PlyCount "118"]
[EventDate "2010.11.08"]

1. d4 Nf6 2. c4 c5 3. d5 b5 4. Nf3 Bb7 5. a4 bxc4 6. Nc3 g6 7. e4 d6 8. Bxc4
Nbd7 9. O-O Bg7 10. a5 a6 11. h3 O-O 12. Ra3 Qc7 13. Qe2 Rfd8 14. Rd1 h6 15.
Bd2 Nf8 16. Na4 e6 17. Nb6 Ra7 18. Rb3 exd5 19. Nxd5 Bxd5 20. Bxd5 Re8 21. Qc4
Nxd5 22. exd5 Nd7 23. Re1 Rxe1+ 24. Bxe1 Rb7 25. Bc3 Qb8 26. Rxb7 Qxb7 27. Qa4
Nf6 28. Qc6 Qxc6 29. dxc6 Ne8 30. Kf1 Bxc3 31. bxc3 Kf8 32. Ke2 Ke7 33. Kd3 Kd8
34. g4 Kc7 35. g5 h5 36. Nh4 Kxc6 37. c4 Ng7 38. Ke4 Ne6 39. f4 Kd7 40. Nf3 Nd8
41. f5 gxf5+ 42. Kxf5 Nb7 43. Kf6 Ke8 44. Nh4 Nxa5 45. Nf5 Nxc4 46. Ng7+ Kf8
47. Nxh5 a5 48. Nf4 a4 49. Nd5 a3 50. Nc3 Ne3 51. g6 fxg6 52. Kxg6 Ke7 53. h4
Ke6 54. h5 Nf5 55. h6 Nxh6 56. Kxh6 Ke5 57. Kg5 d5 58. Kg4 d4 59. Na2 Ke4 0-1

[Event "LV C.to Torinese Assoluto"]
[Site "Torino ITA"]
[Date "2010.11.22"]
[Round "3"]
[White "Castaldo, Folco"]
[Black "Barletta, Mauro"]
[Result "1/2-1/2"]
[WhiteElo "2419"]
[BlackElo "2229"]
[PlyCount "82"]
[EventDate "2010.11.08"]

1. e4 d5 2. exd5 Nf6 3. d4 Bg4 4. Be2 Bxe2 5. Qxe2 Qxd5 6. Nf3 e6 7. O-O Nc6 8.
Be3 O-O-O 9. c4 Qh5 10. Nc3 Bd6 11. c5 Be7 12. b4 g5 13. b5 Nb4 14. Ne5 Nbd5
15. Qxh5 Nxh5 16. Ne2 Rhf8 17. c6 f6 18. cxb7+ Kxb7 19. Nc6 Rd7 20. Rfc1 Nhf4
21. Bxf4 gxf4 22. Nc3 Ba3 23. Na4 Rg7 24. Re1 Rfg8 25. g3 h5 26. Rxe6 h4 27.
Rae1 hxg3 28. fxg3 fxg3 29. h4 Kc8 30. Nc5 Bxc5 31. dxc5 g2 32. Ne7+ Nxe7 33.
Rxe7 Rxe7 34. Rxe7 Kd8 35. Rf7 Rg6 36. c6 Rh6 37. Kxg2 Rxh4 38. Rd7+ Kc8 39.
Rf7 Kd8 40. Rd7+ Kc8 41. Rf7 Kd8 1/2-1/2

[Event "LV C.to Torinese Assoluto"]
[Site "Torino ITA"]
[Date "2010.11.22"]
[Round "3"]
[White "De Barberis, Massimo"]
[Black "Giacometto, Mario"]
[Result "1-0"]
[WhiteElo "2076"]
[BlackElo "1995"]
[PlyCount "115"]
[EventDate "2010.11.08"]

1. g3 d5 2. Bg2 Nf6 3. d3 c5 4. Nd2 Nc6 5. Ngf3 e6 6. O-O Bd6 7. Re1 Nd7 8. e4
O-O 9. c4 dxc4 10. Nxc4 Be5 11. Qc2 Bd4 12. Be3 e5 13. Bxd4 cxd4 14. Rac1 Qe7
15. a3 Re8 16. b4 a6 17. Nh4 g6 18. Bh3 Na7 19. Qd2 Nb5 20. Bxd7 Bxd7 21. Nb6
Nxa3 22. Nxa8 Rxa8 23. Rc5 Nb5 24. Nf3 f6 25. Qa2+ Kg7 26. Nd2 Nc3 27. Qa5 Bc6
28. Nc4 h5 29. Nb6 Rh8 30. Nd5 Qd7 31. Qc7 Qxc7 32. Nxc7 Bb5 33. Nxb5 Nxb5 34.
f4 exf4 35. gxf4 Kf7 36. Kf2 Re8 37. Kf3 Ke7 38. h4 Kf7 39. e5 Re7 40. Re4 Nc3
41. Rxd4 fxe5 42. fxe5 Nb5 43. Rf4+ Kg7 44. d4 Nc7 45. d5 Rd7 46. Ke4 b6 47. e6
Re7 48. Rxc7 Rxc7 49. d6 Rc4+ 50. Ke5 Rxf4 51. Kxf4 Kf6 52. d7 Ke7 53. Ke5 a5
54. bxa5 bxa5 55. Kd4 a4 56. Kc3 g5 57. hxg5 a3 58. g6 1-0

[Event "LV C.to Torinese Assoluto"]
[Site "Torino ITA"]
[Date "2010.11.22"]
[Round "3"]
[White "Digiugno, Franco"]
[Black "Spatola, Davide"]
[Result "0-1"]
[WhiteElo "2053"]
[BlackElo "2022"]
[PlyCount "106"]
[EventDate "2010.11.08"]

1. d4 Nf6 2. Nf3 d5 3. Nbd2 Bf5 4. e3 e6 5. Be2 h6 6. O-O Be7 7. c4 c6 8. Qb3
Qc7 9. Bd3 Bxd3 10. Qxd3 O-O 11. e4 dxe4 12. Nxe4 Nbd7 13. Ng3 Rfd8 14. Qe2 Bd6
15. Re1 c5 16. b3 cxd4 17. Nxd4 Bc5 18. Bb2 Qf4 19. Rad1 e5 20. Nf3 Re8 21. Ne4
Bb4 22. Bc1 Qxe4 23. Qxe4 Nxe4 24. Rxe4 Rad8 25. Re2 f6 26. a3 Be7 27. b4 Nb6
28. Rxd8 Rxd8 29. c5 Nd5 30. Rd2 Nc3 31. Rxd8+ Bxd8 32. Kf1 Kf7 33. Nd2 Na2 34.
Bb2 Ke6 35. Ke2 a5 36. bxa5 Kd5 37. Kd3 Bxa5 38. Nb3 Be1 39. f3 g6 40. h3 f5
41. Ke2 Bc3 42. Bxc3 Nxc3+ 43. Kd3 Na4 44. Nd2 Nxc5+ 45. Ke3 f4+ 46. Ke2 Kd4
47. Nb1 Na4 48. Kd2 Nb2 49. Ke2 b5 50. h4 h5 51. Nd2 Nc4 52. Nb1 Ne3 53. Kf2
Kd3 0-1

[Event "LV C.to Torinese Assoluto"]
[Site "Torino ITA"]
[Date "2010.11.22"]
[Round "3"]
[White "Gallucci, Alessio"]
[Black "Melone, Antonio"]
[Result "1-0"]
[WhiteElo "2185"]
[BlackElo "2027"]
[PlyCount "79"]
[EventDate "2010.11.08"]

1. d4 d5 2. Nf3 c6 3. c4 Nf6 4. Nc3 e6 5. e3 Nbd7 6. Qc2 b6 7. b3 Bb7 8. Bb2
Bd6 9. Bd3 a6 10. O-O O-O 11. Rad1 Qc7 12. e4 e5 13. exd5 exd4 14. Ne4 c5 15.
Nxd6 Qxd6 16. Bc1 Rfe8 17. Rfe1 Ne5 18. Nxe5 Rxe5 19. Rxe5 Qxe5 20. Qe2 Qxe2
21. Bxe2 Re8 22. Bd3 Ng4 23. Bf4 Ne5 24. Kf1 g6 25. h4 f6 26. h5 Kf7 27. f3 Bc8
28. Bb1 Bb7 29. Kf2 b5 30. hxg6+ hxg6 31. Rh1 Rg8 32. Rh7+ Rg7 33. Rh8 bxc4 34.
Bxe5 fxe5 35. bxc4 Kf6 36. Rd8 Rh7 37. Rd6+ Ke7 38. Rxg6 Kd7 39. Bf5+ Kc7 40.
d6+ 1-0

[Event "LV C.to Torinese Assoluto"]
[Site "Torino ITA"]
[Date "2010.11.22"]
[Round "3"]
[White "Gambarino, Federico"]
[Black "Banchio, Davide"]
[Result "0-1"]
[WhiteElo "1853"]
[BlackElo "1945"]
[PlyCount "124"]
[EventDate "2010.11.08"]

1. e4 c5 2. Nf3 d6 3. d4 cxd4 4. Nxd4 Nf6 5. Nc3 g6 6. Be3 Bg7 7. f3 a6 8. Bc4
Nbd7 9. Qd2 b5 10. Bb3 Bb7 11. a3 Rc8 12. O-O h5 13. Bg5 Qb6 14. Be3 Qc7 15.
Rad1 Ne5 16. Kh1 Nc4 17. Bxc4 Qxc4 18. Rfe1 h4 19. Bg5 Qc5 20. e5 dxe5 21. Ne6
fxe6 22. Bxf6 Bxf6 23. Qd7+ Kf7 24. Qxb7 Qc6 25. Rd7 Qxb7 26. Rxb7 Rhd8 27. Rb6
Rd2 28. Rc1 e4 29. fxe4 Bxc3 30. bxc3 Rxc3 31. h3 Rcxc2 32. Rxc2 Rxc2 33. Rxa6
Rc4 34. Ra5 Rxe4 35. Rxb5 Ra4 36. Rb3 e5 37. Kh2 Rd4 38. Rb2 e4 39. Ra2 Ra4 40.
Kg1 Ke6 41. Kf2 Ke5 42. Ke3 g5 43. Ra1 Rc4 44. Ra2 Rc3+ 45. Kf2 Kf4 46. a4 e3+
47. Ke2 Kg3 48. a5 Kxg2 49. a6 Rc8 50. Kxe3+ Kxh3 51. a7 Ra8 52. Kf2 g4 53. Kg1
e5 54. Ra3+ g3 55. Ra2 Kg4 56. Ra4+ Kf3 57. Ra3+ Kf4 58. Kg2 e4 59. Ra4 h3+ 60.
Kxh3 Kf3 61. Ra3+ e3 62. Kh4 g2 0-1

[Event "LV C.to Torinese Assoluto"]
[Site "Torino ITA"]
[Date "2010.11.22"]
[Round "3"]
[White "Grinza, Andrea"]
[Black "Davi, Alessandro"]
[Result "1-0"]
[WhiteElo "2207"]
[BlackElo "2055"]
[PlyCount "53"]
[EventDate "2010.11.08"]

1. d4 d5 2. c4 c6 3. Nf3 Nf6 4. Qc2 e6 5. g3 Nbd7 6. Nbd2 Bd6 7. Bg2 O-O 8. O-O
Re8 9. Rd1 Qe7 10. e4 Nxe4 11. Nxe4 dxe4 12. Qxe4 h6 13. Ne5 Nf6 14. Qe2 Qc7
15. Bf4 Bd7 16. Rd3 Rad8 17. c5 Bxe5 18. Bxe5 Qc8 19. Bxf6 gxf6 20. Qg4+ Kh7
21. Qh5 Re7 22. Qh4 Rh8 23. Qxf6 Qf8 24. Re1 Re8 25. Rf3 Kg8 26. Re4 Qg7 27.
Rg4 1-0

[Event "LV C.to Torinese Assoluto"]
[Site "Torino ITA"]
[Date "2010.11.21"]
[Round "3"]
[White "Pozzi, Massimo"]
[Black "Pepino, Enrico"]
[Result "0-1"]
[WhiteElo "2040"]
[BlackElo "2206"]
[PlyCount "92"]
[EventDate "2010.11.08"]

1. d4 Nf6 2. Bf4 g6 3. e3 Bg7 4. Be2 d6 5. h3 Nbd7 6. Nf3 O-O 7. O-O Qe8 8. c4
e5 9. Bh2 Ne4 10. Nbd2 Nxd2 11. Qxd2 Qe7 12. dxe5 Nxe5 13. Nxe5 dxe5 14. Rfd1
a5 15. Qc2 Bf5 16. Qa4 Qb4 17. Qa3 Rfd8 18. Rd5 c6 19. Qxb4 axb4 20. Rxd8+ Rxd8
21. Rd1 Rxd1+ 22. Bxd1 Bd3 23. b3 Kf8 24. f3 Ke7 25. Kf2 Ke6 26. Be2 Bb1 27.
Bd1 f5 28. Ke2 e4 29. Bg3 Bd3+ 30. Kf2 Bc3 31. Bf4 c5 32. Bh6 Kd6 33. Bf8+ Kc6
34. g4 Bb1 35. fxe4 fxe4 36. h4 b5 37. cxb5+ Kxb5 38. Be2+ Bd3 39. Bxd3+ exd3
40. h5 c4 41. Bh6 Be5 42. bxc4+ Kxc4 43. Ke1 Bc3+ 44. Kd1 Kd5 45. hxg6 hxg6 46.
Bf4 Ke4 0-1

[Event "LV C.to Torinese Assoluto"]
[Site "Torino ITA"]
[Date "2010.11.22"]
[Round "3"]
[White "Pulito, Alberto"]
[Black "Fabbri, Mario"]
[Result "1/2-1/2"]
[WhiteElo "2271"]
[BlackElo "2183"]
[PlyCount "214"]
[EventDate "2010.11.08"]

1. e4 e5 2. d4 exd4 3. Qxd4 Nc6 4. Qe3 d6 5. Nc3 g6 6. Bd2 Bg7 7. O-O-O Nf6 8.
Bc4 O-O 9. Nf3 Ng4 10. Qe1 Be6 11. Bb3 Bxb3 12. axb3 h6 13. h3 Nge5 14. Nxe5
dxe5 15. Kb1 Nd4 16. Be3 Qh4 17. g3 Qh5 18. f4 f5 19. Nd5 Rf7 20. g4 fxg4 21.
Bxd4 exd4 22. hxg4 Qxg4 23. Rg1 Qe6 24. Rd2 Re8 25. Re2 Qd6 26. Reg2 Kh7 27.
Qa5 b6 28. Qxa7 Rxe4 29. Qb7 Re6 30. b4 Rd7 31. c4 dxc3 32. Rd1 cxb2 33. Rgd2
c6 34. Qxd7 cxd5 35. Rxd5 Qxd7 36. Rxd7 Re4 37. b5 Rxf4 38. Rb7 Ra4 39. Kc2 Ra1
40. Rb1 Ra4 41. Rxb2 Rc4+ 42. Kb3 Rf4 43. Rc2 Rf3+ 44. Kc4 g5 45. Rxb6 g4 46.
Rg2 h5 47. Re6 Rc3+ 48. Kd5 g3 49. b6 h4 50. b7 Rb3 51. Kc6 Bh6 52. Re4 Rc3+
53. Kd7 Rb3 54. Kc6 Rc3+ 55. Kd5 Rb3 56. Rxh4 Rxb7 57. Rxg3 Rb6 58. Rc4 Bg7 59.
Rc7 Rg6 60. Rxg6 Kxg6 61. Ke6 Bb2 62. Rc2 Ba1 63. Rg2+ Kh6 64. Kf5 Bc3 65. Rg6+
Kh7 66. Rc6 Bb2 67. Kg5 Kg7 68. Rb6 Bc3 69. Rb7+ Kf8 70. Kf5 Ba1 71. Ke6 Bc3
72. Rb3 Ba1 73. Rf3+ Kg8 74. Kf5 Kf7 75. Ra3 Bb2 76. Rb3 Ba1 77. Rh3 Ke7 78.
Rh6 Kd7 79. Ke4 Ke7 80. Kf5 Kd7 81. Re6 Bc3 82. Re3 Ba1 83. Rd3+ Ke7 84. Ra3
Bb2 85. Rb3 Ba1 86. Re3+ Kf7 87. Ra3 Bb2 88. Ra7+ Kf8 89. Ke6 Bc3 90. Rf7+ Kg8
91. Rf3 Ba1 92. Ke7 Kg7 93. Rf1 Bb2 94. Rg1+ Kh6 95. Kf7 Bc3 96. Rg6+ Kh5 97.
Rg3 Ba1 98. Ke6 Kh6 99. Kf5 Bb2 100. Rb3 Ba1 101. Rb6+ Kh7 102. Rg6 Bb2 103.
Kg5 Ba1 104. Ra6 Bb2 105. Ra7+ Kg8 106. Ra2 Bc3 107. Kg6 Kf8 1/2-1/2

[Event "LV C.to Torinese Assoluto"]
[Site "Torino ITA"]
[Date "2010.11.22"]
[Round "3"]
[White "Sarno, Spartaco"]
[Black "Fassio, Luca"]
[Result "1/2-1/2"]
[WhiteElo "2325"]
[BlackElo "2071"]
[PlyCount "102"]
[EventDate "2010.11.08"]

1. d4 g6 2. c4 Bg7 3. e4 d6 4. Nc3 Nf6 5. f3 O-O 6. Be3 b6 7. Bd3 a6 8. Nge2 c5
9. O-O Nc6 10. d5 Na5 11. Rb1 e6 12. b4 Nb7 13. Qd2 exd5 14. cxd5 cxb4 15. Rxb4
Nc5 16. Rfb1 Nfd7 17. Nd4 Qc7 18. Be2 Bb7 19. a4 Rac8 20. Nd1 Rfe8 21. Bf2 Qd8
22. Qa2 Qe7 23. Bf1 Be5 24. Ne3 Qf6 25. Ng4 Qe7 26. Nxe5 Qxe5 27. Bg3 Qe7 28.
Nb3 Kg7 29. Nxc5 dxc5 30. Rxb6 Nxb6 31. Rxb6 a5 32. Qb2+ Kg8 33. Rxb7 Qg5 34.
f4 Qd8 35. Qc2 Rc7 36. Rb5 Qa8 37. d6 Rd7 38. e5 Qd5 39. Qxc5 Qd2 40. Qf2 Qc3
41. Rc5 Qa1 42. Rxa5 f6 43. Qf3 fxe5 44. fxe5 Rf7 45. Ra8 Rxa8 46. Qxa8+ Kg7
47. Qa6 Qd4+ 48. Kh1 Qd1 49. Kg1 Qd4+ 50. Kh1 Qd1 51. Kg1 Qd4+ 1/2-1/2